000 00599nam a2200241 i 4500
001 C2-0086015
003 PPAK
005 20180727090806.0
008 970430s1993 enk |||| ||||| | eng d
020 _a0099230917
040 _aPPAK
_beng
_cPPAK
_erda
082 0 4 _a823
_223
090 0 0 _a823
_bRAN
_dG
100 1 _aRankin, Ian,
_eauthor
245 1 0 _aWolfman
264 1 _aLondon :
_bArrow Books ,
_c1993.
300 _a247 pages ;
_c18 cm
336 _2rdacontent
_atext
337 _2rdamedia
_aunmediated
338 _2rdacarrier
_avolume
650 1 0 _aEnglish fiction
942 _ddc
_cB
999 _c17441
_d17441